L' ère future et le mouvement de l'histoire
Guardat en:
| Autor principal: | |
|---|---|
| Format: | Llibre |
| Idioma: | francès |
| Publicat: |
París
La Colombe
1956
|
| Matèries: | |
| Etiquetes: |
Afegir etiqueta
Sense etiquetes, Sigues el primer a etiquetar aquest registre!
|
MARC
| LEADER | 00000nam a2200000 a 4500 | ||
|---|---|---|---|
| 001 | UCP8736 | ||
| 003 | CL-VaPUC | ||
| 008 | 000310e19560000FR |||||||||||||||||fre|d | ||
| 082 | 0 | 4 | |a 901 |b GEO |2 21 |
| 100 | 0 | |a Georgel, Gastón |e author |9 438911 | |
| 245 | 1 | 3 | |a L' ère future et le mouvement de l'histoire |
| 300 | |a 273 p | ||
| 942 | |c BK | ||
| 945 | |d 20000310 00:00:00 |a rherrera | ||
| 260 | |a París |b La Colombe |c 1956 | ||
| 650 | 0 | |a Filosofía de la historia |9 265651 | |
| 650 | 0 | |a Historia antigua |9 267521 | |
| 650 | 0 | |a Cristianismo |9 257361 | |
| 650 | 7 | |a TIEMPOS MODERNOS |2 CL-VaPUC |9 401287 | |
| 583 | |a last modification |c 20000310 00:00:00 |k Rodrigo Vera | ||
| 999 | |c 285625 |d 285623 | ||
| 952 | |0 0 |1 0 |4 0 |6 901_000000000000000_GEO_1956 |7 0 |8 A |9 330358 |a BIBHIS |b BIBHIS |d 2019-11-20 |i 1393774 |o 901 GEO 1956 |p 1393774 |r 2025-01-20 |w 2019-11-20 |y BK |k HIS | ||